Teor e composição do óleo essencial de quatro acessos e duas cultivares de manjericão (Ocimum basilicum L.) (Registro n. 299634)
[ somente texto ]
| 000 -LÍDER | |
|---|---|
| fixed length control field | 04414nab a2200313 i 4500 |
| 003 - CÓDIGO MARC DA AGÊNCIA CATALOGADORA | |
| Campo de controle | BR-BrBNA |
| 005 - DATA E HORA DA ÚLTIMA ATUALIZAÇÃO | |
| Campo de controle | 20240517081722.0 |
| 008 - CAMPO DE TAMANHO FIXO | |
| fixed length control field | 240517b2014 bl.qr|pooa||| 00| 0 por | |
| 040 ## - FONTE DA CATALOGAÇÃO | |
| Agência catalogadora | BR-BrBNA |
| Idioma da catalogação | por |
| 072 ## - CATEGORIA AGRIS | |
| Código AGRIS | F60 |
| 100 ## - ENTRADA PRINCIPAL - NOME PESSOAL | |
| Nome pessoal | Veloso, R.A. |
| 100 ## - ENTRADA PRINCIPAL - NOME PESSOAL | |
| Nome pessoal | Castro, H.G. |
| 100 ## - ENTRADA PRINCIPAL - NOME PESSOAL | |
| Nome pessoal | Barbosa, L.C.A. |
| 100 ## - ENTRADA PRINCIPAL - NOME PESSOAL | |
| Nome pessoal | Cardoso, D.P. |
| 100 ## - ENTRADA PRINCIPAL - NOME PESSOAL | |
| Nome pessoal | Chagas Júnior, A.F. |
| 100 ## - ENTRADA PRINCIPAL - NOME PESSOAL | |
| Nome pessoal | Scheidt, G.N. |
| 245 ## - TÍTULO PRINCIPAL | |
| Título principal | Teor e composição do óleo essencial de quatro acessos e duas cultivares de manjericão (Ocimum basilicum L.) |
| 500 ## - NOTA GERAL | |
| Nota geral | Publicação on-line; 27 ref.; 1 table; 2 illus.; Summaries (En, Pt) |
| 942 ## - ADDED ENTRY ELEMENTS (KOHA) | |
| Koha item type | |
| 520 ## - NOTA DE RESUMO | |
| Nota de conteúdo | <br/><br/>RESUMO: <br/><br/>O objetivo desse estudo foi avaliar o teor e a composição química dos óleos<br/>essenciais de quatro acessos silvestres de manjericão (Ocimum basilicum L.), provenientes<br/>de diferentes regiões geográficas, e duas cultivares comerciais cultivados sob as mesmas<br/>condições edafoclimáticas. As sementes dos acessos foram coletadas nos município de<br/>Gurupi-TO (GUR) e de Monte Alegre-GO (MAL, MVE e FPS) e as sementes da cultivar<br/>comercial manjericão roxo (MR) foram adquiridas no comércio de Gurupi e da cultivar Maria<br/>Bonita (MB) foram fornecidas pelo Horto de Plantas Medicinais da Universidade Federal de<br/>Lavras. O plantio foi realizado em vasos com capacidade de dez litros utilizando-se como<br/>substrato: solo de barranco e esterco bovino na proporção 2:1. O óleo essencial foi obtido por<br/>hidrodestilação em aparelho tipo Clevenger e a identificação e a porcentagem relativa dos<br/>compostos do óleo essencial foi realizada por Cromatografia à Gás acoplada a Detector de<br/>Espectrometria de Massas. Foram identificados trinta e nove substâncias nos óleos essenciais<br/>obtidos, abrangendo monoterpenos, sesquiterpenos e fenilpropanoides. Nas cultivares MB<br/>e MR o composto majoritário foi o linalol, enquanto nos acessos silvestres (MAL, GUR, FPS<br/>e MVE) o composto em maior quantidade foi o (E)-cinamato de metila. O maior teor de óleo<br/>essencial foi obtido na cultivar Maria Bonita (3,77%).<br/><br/>Palavras-chave: Ocimum basilicum, óleo essencial, linalol, constituição química, recursos<br/>genéticos vegetais |
| 520 ## - NOTA DE RESUMO | |
| Nota de conteúdo | <br/><br/>ABSTRACT: <br/><br/>Essential oil composition and content of different accessions and cultivars<br/>of basil (Ocimum basilicum L.). The objective of this study was to evaluate the essential<br/>oil chemical composition and content of four wild accessions of basil (Ocimum basilicum L.),<br/>from different geographical regions, and two commercial cultivars grown under the same<br/>edaphoclimatic conditions. The seeds of the accessions were collected in the municipality of<br/>Gurupi, state of Tocantins (GUR), and Monte Alegre, state ofGoiás (MAL, MVE and FPS), and<br/>the seeds of the commercial cultivar of purple basil (MR) were acquired in the Gurupi market and<br/>the seeds of the commercial cultivar Maria Bonita (MB) were provided by the Garden of Medicinal<br/>Plants of the Federal University of Lavras. The seeds were planted in pots with a capacity of<br/>ten liters using as substrate soil from earth works and cattle manure in the proportion of 2:1.<br/>The essential oil was obtained by hydrodistillation using a Clevenger-type apparatus, and the<br/>identification and the relative percentage of the compounds of the essential oil were performed<br/>by Gas Chromatography coupled to Mass Spectrometry Detector. Thirty-nine compounds were<br/>identified in the essential oils obtained, which were divided into monoterpenes, sesquiterpenes<br/>and phenylpropanoids. In the cultivars MB and MR, the major compound was linalool, and in<br/>the wild accessions (MAL, GUR, FPS and MVE) it was the (E)-methyl cinnamate. The highest<br/>content of essential oil was obtained from the cultivar Maria Bonita (3.77%).<br/><br/>Keywords: Ocimum basilicum, essential oil, Linalool, chemical composition, plant genetic<br/>resources |
| 650 ## - ASSUNTO - THESAGRO | |
| Cabeçalho tópico ou nome geográfico | OCIMUM BASILICUM |
| 650 ## - ASSUNTO - THESAGRO | |
| Cabeçalho tópico ou nome geográfico | ÓLEO ESSENCIAL |
| 650 ## - ASSUNTO - THESAGRO | |
| Cabeçalho tópico ou nome geográfico | COMPOSIÇÃO QUÍMICA |
| 650 ## - ASSUNTO - THESAGRO | |
| Cabeçalho tópico ou nome geográfico | RECURSO GENÉTICO |
| 773 0# - ENTRADA ANALÍTICA | |
| Host Biblionumber | 3543 |
| Registro do item | 315250 |
| Imprenta | Botucatu-SP Instituto de Biociências - Departamento de Química e Bioquímica 1998 |
| Outro identificador | 2024-1501 |
| Título | Revista Brasileira de Plantas Medicinais (Brazil) |
| ISSN | 1516-0572 |
| Colação | v. 16(2 suppl. 1) p. 364-371; (2014) |
| Número de controle de registro | BR2024000773 |
| 856 ## - ACESSO E ENDEREÇO ELETRÔNICO | |
| Identificador uniforme de recurso - URI | https://www.scielo.br/j/rbpm/a/ZtBMyYLmZ9Tcc3Y7dZLzSLJ/?format=pdf&lang=pt |
Nenhum exemplar disponível.

BINAGRI